Introduction historique au droit - Statistiques

Statistiques générales
  • Ce quiz a été pris 16 fois
  • Le résultat moyen est 9 sur 63
Statistiques - réponses
Hint Réponse % Correct
L’œuvre de Justinien comporte 4 éléments: Le code
80%
VRAI ou FAUX ? Les compilations de Justinien ambitionnent de regrouper tous les textes existant du Droit romain afin de les transmettre à la postérité VRAI
70%
La morale
50%
Le Digeste
50%
Parmi les 4 éléments composant l'oeuvre de Justinien, lequelpropose une compilation de la jurisprudence classique ? Le Digeste
50%
Les institutes
50%
Les Novelles
50%
A quelle date Rome a-t-elle été fondée ? -753
40%
Qui en est le bénéficiaire ? Charlemagne
40%
Quel est le plus ancien monument législatif connu à ce jour ? Code d'Hammourabi
40%
La philosophie
40%
L'autonomie du droit le sépare de La religion
40%
Quelle est la source principale du droit romain classique? Les juristes
40%
Rétablissement de l'Empire d'Occident 800
30%
A qui doit-on au sein du droit civil la "summa divisio" des personnes et des biens qui sera reprise par les rédacteurs du Code civil ? Gaïus
30%
La religion chrétienne devient religion d’état de l’empire en : 380
20%
A quelle date s'est achevé l'Empire romain d'occident ? 476 après JC
20%
Clovis devient Roi des Francs en: 481
20%
Des faits
20%
Que désigne la iuris prudentia à Rome ? La science du droit
20%
A qui s'adresse à Rome le "ius civile" ? Les citoyens romains
20%
Le Code Théodosien promulgué en 438 ap JC... A vocation à s'appliquer dans tout l'Empire d'Orient et d'Occident
10%
Pour les tribus barbares, le droit: Est inhérent à la race
10%
Le mot LEX désigne: La loi personnelle de chaque peuple
10%
Dans l’antiquité, les frontières du droit sont établies par... Le droit romain
10%
Ordalie
10%
Qu'a permis l'édit de Caracalla ? A accordé la citoyenneté à tout les habitants de l'empire romain
0%
Appartient au groupe social qui y est soumis
0%
Caractéristiques de la royauté carolingienne Assure une instruction aux administrateurs de l’empire de Charlemagne
0%
Consacrent un ensemble de règles de comportement qui émanent du gouvernement central
0%
Cérémonie du sacre royal Constitue la reconnaissance officielle, juridique du Roi
0%
La Loi des XII Tables (-450 av JC)... Constitue un fondement du droit civil
0%
Création spontanée du droit par le corps social
0%
Epoque Franque caractérisée par Dégradation du droit hérité de l’époque romaine
0%
Au Ve siècle, le terme "barbare" : Désigne les peuples ne participant pas à la culture grecque et latine
0%
Les lètes sont: Des prisonniers de guerres soumis à l’administration militaire romaine vivant aux frontières
0%
Principal apport du christianisme dans le monde antique Distinction pouvoir spirituel / temporel
0%
Doivent prêter le service militaire pour défendre les frontières de l’Empire
0%
Les "constitutions impériales" du Bas-Empire... Erigent les rescrits en normes abstraites de portée générale
0%
La loi salique Est la plus célèbre des lois barbares
0%
Le Bréviaire d’Alaric est l’autre nom de la loi romaine des Wisigoths
0%
Est promulguée par Clovis en 507 ap JC
0%
est une compilation du droit romain réalisée à partir du Code théodosien
0%
Est une modalité de règlement des conflits de nature pénale
0%
est une royauté chrétienne
0%
Impose un rachat en argent du droit de vengeance de la victime
0%
Institue à Rome un état de droit en donnant aux citoyens les moyens de faire respecter leurs droits par une action en justice
0%
Le schisme est: La rupture de l’église catholique romaine et les églises orthodoxes d’Orient
0%
Qu'est ce que l'édit du préteur ? La source principale du droit privé à Rome jusqu'à l'Empire
0%
Le catalogue de toutes les actions que le préteur va proposer pour l'année à venir, de toutes les situations qu'il va protéger
0%
Avec 3000 de ses guerriers, il embrasse: Le christianisme
0%
Le document officiel à valeur normative du droit promulgué par l’autorité centrale
0%
Rome applique à l’égard des barbares au sein de l’empire: Le principe de personnalité du droit
0%
Le codex désigne: Le recueil, le livre rassemblant matériellement les textes écrits
0%
Permet une diffusion de la langue latine
0%
Sous les Xe et XIe siècles, le but des lois humaines est de Promouvoir la morale chrétienne
0%
S'effacera au VIe siècle en Orient
0%
Sous les monarchies barbares, sont utilisées comme mode de preuve Serment purgatoire
0%
Au Ve siècle, les peuples fédérés: Sont bénéficiaires de territoires au sein de l’Empire Romain
0%
Une loi votée par l'assemblée de la Plèbe
0%
Le rescrit sous le règne d'Auguste est: Une réponse écrite de l'empereur à une question posée à l'occasion d'un procès qui est contraignant pour le juge
0%
Qu'est ce que le plébiscite ? Une source du droit à Rome
0%
Les lois barbares Veulent limiter l’usage germanique de se faire justice soi-même
0%
Aucun quiz correspondant
Distribution des résultats
% des personnes avec chaque résultat
Percentile par nombre de réponses
Votre historique - résultats
Vous n’avez pas pris ce quiz